000 00763nam a2200253Ia 4500
003 OSt
005 20220918173124.0
006 a|||||r|||| 00| 0
007 ta
008 220917b |||||||| |||| 00| 0 eng d
024 _a5,265
037 _cTextual
040 _aARTS
_cARTS
_beng
041 _2eng
_aeng
082 _a2;60J8, M2
100 _aRavichandra Rao I K. ed
_945038
245 0 _aCollection development and document circulation
_b Working document pertaining to the DRTC annual seminar - 19
260 _c1982
490 _aDRTC annual seminar; 19
650 _aLIBRARY SCIENCE
700 _a Gopinath M A. ed
_945039
942 _h2;60J8, M2
_cTEXL
_2CC
999 _c147299
_d147299